[Event "Detroit (MI Op/4/23)"]
[Site "?"]
[Date "1992.??.??"]
[Round "?"]
[White "Fuller, William"]
[Black "Marinelli, Philip"]
[Result "1-0"]
[WhiteElo "2030"]
[BlackElo "1725"]
[PlyCount "141"]
[EventDate "1992.??.??"]

{4/(23)} 1. d4 Nf6 2. Nf3 d6 3. Bg5 Nbd7 4. Nbd2 e5 5. e3 Be7 6. Bd3 O-O 7. O-O
Nd5 8. Bxe7 Qxe7 9. c3 N7f6 10. Qc2 h6 11. h3 Re8 12. dxe5 dxe5 13. Ne4 Nxe4
14. Bxe4 Nf6 15. Bf5 Bxf5 16. Qxf5 Qe6 17. Qxe6 Rxe6 18. Rfd1 Rae8 19. Rd2 Kf8
20. Rad1 c6 21. Ne1 Ne4 22. Rd7 Nc5 23. R7d2 Ne4 24. Rd8 f6 25. f3 Nc5 26. e4
R6e7 27. Nc2 Rxd8 28. Rxd8+ Re8 29. Rd1 Ke7 30. Ne3 g6 31. Kf1 h5 32. Ke2 Rd8
33. Rxd8 Kxd8 34. b4 Ne6 35. Kd3 b5 36. c4 a6 37. h4 Kd7 38. g4 hxg4 39. fxg4
Kd6 40. c5+ Ke7 41. Ng2 Ng7 42. Ne1 Ne6 43. Ke3 Nf4 44. Kf3 Kf7 45. a3 Ne6 46.
Nc2 Nf4 47. Nd4 exd4 48. Kxf4 g5+ 49. hxg5 fxg5+ 50. Kf3 Ke6 51. Ke2 Ke5 52.
Kd3 Kf4 53. Kxd4 Kxg4 54. Ke3 Kh5 55. e5 Kg6 56. Ke4 g4 57. Kf4 g3 58. Kxg3 Kf5
59. Kh4 Kxe5 60. Kg5 Ke6 61. Kg6 Ke7 62. Kg7 Kd8 63. Kf6 Kd7 64. Kf7 Kd8 65.
Ke6 Kc7 66. Ke7 Kb8 67. Kd6 Kb7 68. Kd7 Kb8 69. Kxc6 a5 70. bxa5 b4 71. axb4
1-0

[Event "Flint (MEX/2)"]
[Site "?"]
[Date "1992.??.??"]
[Round "?"]
[White "Fuller, William"]
[Black "Laren, Philip"]
[Result "0-1"]
[WhiteElo "2100"]
[BlackElo "2210"]
[PlyCount "122"]
[EventDate "1992.??.??"]

1. d4 d5 2. c4 e6 3. Nc3 c5 4. Nf3 Nc6 5. e3 Nf6 6. cxd5 exd5 7. Be2 cxd4 8.
Nxd4 Bd6 9. O-O O-O 10. a3 Re8 11. Bf3 Be5 12. Nce2 a6 13. b4 Qd6 14. g3 Bh3
15. Bg2 Bxg2 16. Kxg2 Bxd4 17. Nxd4 Nxd4 18. exd4 Rac8 19. Bf4 Qb6 20. Rc1 Rxc1
21. Bxc1 Re4 22. Be3 h5 23. Qc2 g6 24. Rc1 Ng4 25. Bf4 Qxd4 26. h3 Nf6 27. Qc8+
Kg7 28. Bd6 Re8 29. Qc7 Re2 30. Bc5 Qb2 31. Qd6 Rxf2+ 32. Bxf2 Qxc1 33. Bc5
Qd2+ 34. Kf1 Qd1+ 35. Kg2 Qe2+ 36. Kg1 Qe8 37. h4 Qe1+ 38. Kg2 Qe2+ 39. Kg1 Qe8
40. a4 Qe1+ 41. Kg2 Qe2+ 42. Kg1 Qe6 43. Qf4 Qe1+ 44. Kg2 Qe4+ 45. Kf2 Qxf4+
46. gxf4 Ne4+ 47. Ke3 Nxc5 48. bxc5 Kf6 49. Kd4 Ke6 50. Kc3 Kd7 51. Kd4 Kc6 52.
Ke5 Kxc5 53. Kf6 d4 54. Kxf7 d3 55. Kxg6 d2 56. f5 d1=Q 57. f6 Kd6 58. Kf7 Ke5
59. a5 Qd6 60. Kg6 Qxf6+ 61. Kxh5 Qh8+ 0-1

[Event "Lansing (Aug)"]
[Site "?"]
[Date "1992.??.??"]
[Round "?"]
[White "Fuller, William"]
[Black "LaMar, Frank"]
[Result "1-0"]
[WhiteElo "2030"]
[BlackElo "2015"]
[PlyCount "34"]
[EventDate "1992.??.??"]

1. d4 Nf6 2. Nf3 c5 3. c3 cxd4 4. cxd4 e6 5. Bg5 Bb4+ 6. Nbd2 h6 7. Bxf6 Qxf6
8. e4 Qg6 9. Bd3 Qxg2 10. Rg1 Bxd2+ 11. Ke2 Qh3 12. Qxd2 O-O 13. e5 Nc6 14. Qf4
f6 15. exf6 g5 16. Rxg5+ Kh8 17. Rg7 Qxf3+ 1-0

[Event "Detroit (MI Op/6/15)"]
[Site "?"]
[Date "1992.??.??"]
[Round "?"]
[White "Fuller, William"]
[Black "Kebrdle, M."]
[Result "1-0"]
[WhiteElo "2030"]
[BlackElo "2110"]
[PlyCount "77"]
[EventDate "1992.??.??"]

{6/(15)} 1. d4 d5 2. Nf3 Nf6 3. Bg5 e6 4. e3 Be7 5. Bd3 O-O 6. Nbd2 h6 7. Bh4
c5 8. c3 b6 9. Ne5 Bb7 10. O-O Ne4 11. Bxe7 Qxe7 12. f3 Nxd2 13. Qxd2 Nd7 14.
f4 Nxe5 15. fxe5 f6 16. exf6 Rxf6 17. Rxf6 Qxf6 18. Rf1 Qe7 19. Qf2 Rf8 20.
Qxf8+ Qxf8 21. Bh7+ Kxh7 22. Rxf8 cxd4 23. exd4 Kg6 24. Kf2 Bc6 25. Rc8 Bb5 26.
Rc7 a6 27. Rb7 Kf6 28. Rxb6 Bd3 29. b4 Kf5 30. a4 e5 31. dxe5 Kxe5 32. Ke3 Bf1
33. Rg6 h5 34. g3 Bc4 35. Rxg7 Kd6 36. Kd4 Kc6 37. Rg6+ Kb7 38. Rh6 a5 39. Rxh5
1-0

[Event "Flint (MEX/1)"]
[Site "?"]
[Date "1992.??.??"]
[Round "?"]
[White "Fuller, William"]
[Black "Hahn, David"]
[Result "1-0"]
[WhiteElo "2100"]
[BlackElo "2240"]
[PlyCount "81"]
[EventDate "1992.??.??"]

1. d4 d6 2. c4 f5 3. Nf3 Nf6 4. Nc3 g6 5. b3 Bg7 6. Bb2 O-O 7. Qc2 Na6 8. Rd1
c5 9. d5 Nb4 10. Qd2 Nxa2 11. Ra1 Nxc3 12. Qxc3 b5 13. cxb5 Bb7 14. e3 Ne8 15.
Qc2 Bxb2 16. Qxb2 Bxd5 17. Bc4 e6 18. O-O Qf6 19. Qd2 Bxf3 20. gxf3 d5 21. Bxd5
Rd8 22. Bxe6+ Kh8 23. Qa5 Nd6 24. Bc4 f4 25. e4 Rd7 26. Rad1 Rfd8 27. Bd5 Nf7
28. Qa1 Ne5 29. Kh1 Kg7 30. Qc3 Kh6 31. Ra1 Re7 32. Ra6 Qh4 33. Re6 Rxe6 34.
Bxe6 Qf6 35. Bc4 Qg5 36. Be2 Rd4 37. Qxc5 Rd2 38. Qf8+ Kh5 39. Rg1 Qd8 40. Qg7
Rxe2 41. Qxh7# 1-0

[Event "Detroit (MI Op/2/2)"]
[Site "?"]
[Date "1992.??.??"]
[Round "?"]
[White "Fuller, William"]
[Black "Basin, Leonid"]
[Result "1/2-1/2"]
[WhiteElo "2030"]
[BlackElo "2470"]
[PlyCount "75"]
[EventDate "1992.??.??"]

{2/(2)} 1. d4 f5 2. Nc3 d5 3. Bg5 c6 4. e3 Qb6 5. Rb1 Nd7 6. Nf3 Ngf6 7. Bd3 e6
8. O-O Bd6 9. b4 O-O 10. Na4 Qd8 11. Nc5 Qe8 12. Bh4 Ne4 13. Bxe4 fxe4 14. Nxd7
Bxd7 15. Ne5 Rf5 16. Bg3 Qe7 17. c4 Be8 18. c5 Bc7 19. a4 h5 20. h3 a6 21. a5
h4 22. Bh2 Bh5 23. Qc2 Raf8 24. b5 axb5 25. a6 Bxe5 26. Bxe5 bxa6 27. Bd6 Qg5
28. f4 exf3 29. Bxf8 Rxf8 30. Qd2 a5 31. Rb2 a4 32. Kh1 fxg2+ 33. Qxg2 Rxf1+
34. Qxf1 Qxe3 35. Rf2 Bg6 36. Rf8+ Kh7 37. Qf2 Qxf2 38. Rh8+ 1/2-1/2

[Event "Lansing (Apr)"]
[Site "?"]
[Date "1992.??.??"]
[Round "?"]
[White "Franklin, Stan"]
[Black "Saulmon, Scott"]
[Result "0-1"]
[WhiteElo "1705"]
[BlackElo "1785"]
[PlyCount "120"]
[EventDate "1992.??.??"]

1. e4 e6 2. d4 d5 3. Nd2 Nf6 4. e5 Nfd7 5. c4 c5 6. cxd5 exd5 7. Ngf3 Nc6 8.
Nb3 cxd4 9. Nfxd4 Ndxe5 10. Bb5 Bd7 11. O-O Bd6 12. f4 Ng6 13. Re1+ Nce7 14.
Qg4 Bxb5 15. Nxb5 Qb6+ 16. N5d4 O-O 17. Be3 Qd8 18. Nf5 Nxf5 19. Qxf5 Bb4 20.
Red1 Ne7 21. Qg4 f5 22. Qg3 b6 23. Bd4 Ng6 24. Rd3 Rc8 25. Rad1 Rf7 26. a3 Bd6
27. Be3 Qc7 28. Rc3 Qb8 29. Rxc8+ Qxc8 30. Rxd5 Qe6 31. Rd3 Rd7 32. h4 Bxf4 33.
Bxf4 Nxf4 34. Re3 Ne2+ 35. Rxe2 Qxe2 36. Qc3 Rd1+ 37. Kh2 Re1 38. Qc8+ Qe8 39.
Qc4+ Kf8 40. Nd4 Qe5+ 41. g3 g6 42. Qc8+ Qe8 43. Qc4 Re4 44. Qc3 Re7 45. Nf3
Re2+ 46. Kh3 Kg8 47. Ng5 f4 48. Qc4+ Kg7 49. Qc7+ Qe7 50. Qxf4 Qd7+ 51. g4 Qd3+
52. Nf3 Qe3 53. Qc7+ Qe7 54. Qc3+ Kf7 55. Ng5+ Ke8 56. Qc8+ Qd8 57. Qc6+ Qd7
58. Qa8+ Ke7 59. Qf3 Qd2 60. Qf7+ Kd8 0-1

[Event "Lansing (Apr)"]
[Site "?"]
[Date "1992.??.??"]
[Round "?"]
[White "Franklin, Stan"]
[Black "Nicolli, Randy"]
[Result "1-0"]
[WhiteElo "1705"]
[BlackElo "1605"]
[PlyCount "55"]
[EventDate "1992.??.??"]

1. g3 f5 2. e3 e5 3. Bg2 d5 4. Ne2 Nc6 5. d3 Nf6 6. O-O Bd6 7. c4 Be6 8. b3 e4
9. Bb2 Ne5 10. Nf4 Bf7 11. dxe4 fxe4 12. cxd5 Qe7 13. Nc3 g5 14. Nh3 Bh5 15.
Qc2 Nf3+ 16. Kh1 Ng4 17. Nxe4 Rf8 18. Bxf3 Rxf3 19. Nexg5 Bg6 20. Qe2 Nxh2 21.
Kxh2 Rf5 22. f4 h6 23. Nf3 Rxd5 24. Ne5 Bxe5 25. Bxe5 O-O-O 26. Qg4+ Kb8 27.
Qxg6 Rd2+ 28. Rf2 1-0

[Event "Detroit (MOR/5/66)"]
[Site "?"]
[Date "1992.??.??"]
[Round "?"]
[White "Franklin, M."]
[Black "Walker, LeRoy"]
[Result "0-1"]
[WhiteElo "1605"]
[BlackElo "1700"]
[PlyCount "70"]
[EventDate "1992.??.??"]

{5/(66)} 1. e4 c6 2. Nc3 e6 3. e5 d5 4. exd6 Bxd6 5. d4 Bb4 6. a3 Bxc3+ 7. bxc3
Ne7 8. Bg5 Qa5 9. Ne2 Qxg5 10. g3 Qd5 11. Rg1 Ng6 12. Qd3 Qf5 13. Qd2 Nd7 14.
Bg2 Nb6 15. g4 Qa5 16. Qd3 Nd5 17. Bxd5 Qxd5 18. f4 f5 19. c4 Qa5+ 20. c3 O-O
21. g5 c5 22. Kf2 cxd4 23. cxd4 Bd7 24. Rg3 Bc6 25. Qe3 Be4 26. Nc3 a6 27. Nxe4
fxe4 28. Qxe4 Rxf4+ 29. Ke3 Rxe4+ 30. Kxe4 Rf8 31. Kd3 Qf5+ 32. Kc3 b5 33. c5
Nf4 34. Kb4 Qc2 35. Rgg1 Nd5+ 0-1

[Event "Detroit (MOR/2/114)"]
[Site "?"]
[Date "1992.??.??"]
[Round "?"]
[White "Franklin, M."]
[Black "Uy, J."]
[Result "1-0"]
[WhiteElo "1605"]
[BlackElo "1605"]
[PlyCount "83"]
[EventDate "1992.??.??"]

{2/(114)} 1. e4 c5 2. Nf3 d6 3. d4 cxd4 4. Nxd4 Nc6 5. Bb5 Bd7 6. O-O Rc8 7.
Nc3 h6 8. Be3 a6 9. Ba4 e6 10. Nxc6 Bxc6 11. Bb3 Nf6 12. f3 Be7 13. Qe2 O-O 14.
Rad1 Qc7 15. Rd4 b5 16. a4 e5 17. Rd3 b4 18. Nd5 Nxd5 19. exd5 Bb7 20. f4 Bf6
21. fxe5 Bxe5 22. Qg4 Kh8 23. Rf3 Qe7 24. Qxb4 Rb8 25. Qd2 h5 26. c4 Bc8 27. h3
g6 28. Bd4 Bf5 29. Rc3 Kh7 30. Rfe3 f6 31. Bxe5 fxe5 32. Bc2 Rxb2 33. c5 dxc5
34. Qe2 Qd6 35. Qc4 Rd8 36. Bxf5 gxf5 37. Qxc5 Qxd5 38. Qe7+ Kh6 39. Qf6+ Kh7
40. Qxf5+ Kh6 41. Rg3 Rg8 42. Qf6+ 1-0

[Event "Detroit (MOR/4/77)"]
[Site "?"]
[Date "1992.??.??"]
[Round "?"]
[White "Franklin, M."]
[Black "Raupp, Helene"]
[Result "1-0"]
[WhiteElo "1605"]
[BlackElo "1625"]
[PlyCount "41"]
[EventDate "1992.??.??"]

{4/(77)} 1. e4 e6 2. d4 d5 3. Nc3 Bb4 4. exd5 exd5 5. Nf3 Bg4 6. Qd3 Nc6 7. Bf4
Bxf3 8. Qxf3 Nxd4 9. Qe3+ Ne6 10. O-O-O d4 11. Qf3 Bxc3 12. bxc3 c5 13. Bb5+
Kf8 14. Bc4 Nxf4 15. Qxf4 Qf6 16. Qc7 Qe7 17. Qf4 Nf6 18. Rhe1 Qd8 19. cxd4
cxd4 20. Rxd4 Qb6 21. Rd7 1-0

[Event "Detroit (MOR/7/85)"]
[Site "?"]
[Date "1992.??.??"]
[Round "?"]
[White "Franklin, M."]
[Black "Golingai, P."]
[Result "0-1"]
[WhiteElo "1605"]
[BlackElo "1605"]
[PlyCount "88"]
[EventDate "1992.??.??"]

{7/(85)} 1. d4 Nf6 2. c4 g6 3. Nc3 Bg7 4. e4 d6 5. Nf3 O-O 6. Be2 e5 7. dxe5
dxe5 8. O-O Nc6 9. Qb3 Nd4 10. Nxd4 exd4 11. Rd1 c5 12. Bf4 Qe7 13. Nd5 Nxd5
14. cxd5 Qxe4 15. Qf3 Bf5 16. Rac1 Qxf3 17. Bxf3 b6 18. d6 Rad8 19. Rc4 Rfe8
20. a3 Bf8 21. Bg5 Rxd6 22. b4 Rde6 23. h3 Re1+ 24. Rxe1 Rxe1+ 25. Kh2 Ra1 26.
bxc5 bxc5 27. Ra4 Bd6+ 28. g3 Bb8 29. Ra5 Ra2 30. Kg2 Rc2 31. g4 Bd7 32. Be7 d3
33. Bxc5 Bc7 34. Rxa7 Rxc5 35. a4 Bc6 36. Bxc6 Rxc6 37. Rb7 d2 38. Rb1 Rc1 39.
Rxc1 dxc1=Q 40. h4 Qf4 41. g5 Bb6 42. a5 Qxf2+ 43. Kh3 Bc7 44. a6 Qg3# 0-1

[Event "Detroit (MI Op/6/33)"]
[Site "?"]
[Date "1992.??.??"]
[Round "?"]
[White "Forte, Joe"]
[Black "Morabito, Matthew"]
[Result "1-0"]
[WhiteElo "1940"]
[BlackElo "1695"]
[PlyCount "59"]
[EventDate "1992.??.??"]

{6/(33)} 1. d4 Nf6 2. c4 d6 3. Nc3 g6 4. e4 Bg7 5. f3 O-O 6. Be3 e5 7. d5 Nh5
8. g4 Nf4 9. Nge2 Qh4+ 10. Bf2 Qe7 11. h4 Nd7 12. Be3 Nc5 13. Nxf4 exf4 14.
Bxf4 Bxg4 15. Qe2 Bh5 16. O-O-O h6 17. Qe3 Kh7 18. Bg2 a6 19. Ne2 Rfe8 20. Ng3
f5 21. Nxh5 gxh5 22. Bh3 Qf6 23. Bxf5+ Kh8 24. Rh2 b5 25. Rg1 bxc4 26. Rg6 Nd3+
27. Kb1 Qxf5 28. exf5 Rxe3 29. Bxe3 Rb8 30. f6 1-0

[Event "Detroit (MI Op/2/10)"]
[Site "?"]
[Date "1992.??.??"]
[Round "?"]
[White "Forte, Joe"]
[Black "Hahn, David"]
[Result "0-1"]
[WhiteElo "1940"]
[BlackElo "2225"]
[PlyCount "60"]
[EventDate "1992.??.??"]

{2/(10)} 1. d4 d6 2. c4 e5 3. d5 f5 4. Nc3 Nf6 5. Bg5 Be7 6. h4 h6 7. Bxf6 Bxf6
8. e4 O-O 9. exf5 Bxf5 10. g4 Bg6 11. g5 hxg5 12. Bh3 gxh4 13. Be6+ Bf7 14. Qg4
Na6 15. Nf3 Nc5 16. Nxh4 Bxe6 17. dxe6 Bxh4 18. Rxh4 Rf4 19. Rh8+ Kxh8 20. Qh5+
Kg8 21. O-O-O Qh4 22. Qg6 Qg4 23. Qc2 Qxe6 24. Nd5 Qh6 25. Kb1 Re8 26. b4 Ne6
27. Rg1 Qh7 28. Rg6 Nd4 29. Qd3 Qh1+ 30. Kb2 Rxf2+ 0-1

[Event "Detroit (MI Op/4/35)"]
[Site "?"]
[Date "1992.??.??"]
[Round "?"]
[White "Forte, Joe"]
[Black "Burwell, Raymond"]
[Result "1-0"]
[WhiteElo "1940"]
[BlackElo "1855"]
[PlyCount "81"]
[EventDate "1992.??.??"]

{4/(35)} 1. d4 e6 2. c4 Nf6 3. Nc3 Be7 4. e4 O-O 5. Bd3 c5 6. e5 Ne8 7. dxc5
Bxc5 8. Nf3 d6 9. Bxh7+ Kxh7 10. Ng5+ Kg8 11. Qh5 Qxg5 12. Bxg5 dxe5 13. Ne4
Bb4+ 14. Bd2 Be7 15. Qxe5 Nc6 16. Qc3 b6 17. O-O Bb7 18. Rad1 Rc8 19. Bf4 Na5
20. Nd2 Rc5 21. b4 Rf5 22. Be3 Nc6 23. a3 Bf6 24. Qc2 Rh5 25. Nf3 Ne7 26. Qe2
Nf5 27. Bf4 g6 28. Ne5 Kg7 29. Nd7 Rfh8 30. Nxf6 Nxf6 31. Be5 Nh4 32. f3 Rg5
33. Rf2 Rhh5 34. f4 Rxg2+ 35. Rxg2 Bxg2 36. Rd3 Bb7 37. Rg3 Rf5 38. Qd3 Be4 39.
Qxe4 Kg8 40. Qa8+ Kg7 41. Qxa7 1-0

[Event "Lansing (Aug)"]
[Site "?"]
[Date "1992.??.??"]
[Round "?"]
[White "Ford, William"]
[Black "Triplett, Thomas"]
[Result "0-1"]
[WhiteElo "1955"]
[BlackElo "1915"]
[PlyCount "84"]
[EventDate "1992.??.??"]

1. e4 c5 2. Nf3 d6 3. d4 cxd4 4. Nxd4 Nf6 5. Nc3 a6 6. Bc4 e6 7. Be3 b5 8. Bd3
Be7 9. f3 Bb7 10. Qd2 Nc6 11. Nxc6 Bxc6 12. O-O-O Qc7 13. g4 h6 14. h4 O-O-O
15. Qf2 Kb7 16. Rdg1 Nd7 17. g5 h5 18. f4 b4 19. Nd1 Nc5 20. Bxc5 dxc5 21. Rh3
Bb5 22. Bxb5 axb5 23. Rgg3 c4 24. e5 Bc5 25. Qf3+ Kb6 26. Qe2 Qa7 27. a3 bxa3
28. bxa3 Ra8 29. Nb2 Qe7 30. a4 Rhd8 31. Nxc4+ bxc4 32. Qxc4 Rdb8 33. Rc3 Ra5
34. Rhd3 Ka7 35. Rb3 Rxb3 36. Rxb3 Qc7 37. Kb1 Qc6 38. Rb5 Rxb5+ 39. axb5 Qh1+
40. Kb2 Qd1 41. Qa4+ Kb8 42. b6 Qd4+ 0-1

[Event "Lansing (Apr)"]
[Site "?"]
[Date "1992.??.??"]
[Round "?"]
[White "Ford, William"]
[Black "Rostrom, Richard"]
[Result "1-0"]
[WhiteElo "1955"]
[BlackElo "1710"]
[PlyCount "89"]
[EventDate "1992.??.??"]

1. d4 Nf6 2. Nf3 g6 3. c4 Bg7 4. Nc3 O-O 5. e4 d6 6. Be2 Nc6 7. d5 Nb4 8. Qb3
Na6 9. O-O Nc5 10. Qc2 e5 11. b4 Ncd7 12. Bg5 Qe8 13. Nb5 Qd8 14. Rfd1 a6 15.
Na3 h6 16. Bh4 g5 17. Bg3 Nh5 18. c5 Nxg3 19. fxg3 Nf6 20. Nc4 Ng4 21. h3 Nf6
22. Nh2 Nh7 23. g4 Qe8 24. cxd6 Bd7 25. Qd2 Ba4 26. Rf1 Bb5 27. dxc7 Nf6 28.
Nd6 Qd7 29. c8=Q Raxc8 30. Nxc8 Rxc8 31. Bxb5 Qxb5 32. Rfe1 Rc4 33. a4 Qb6+ 34.
Qe3 Qxb4 35. Reb1 Rxe4 36. Rxb4 Rxe3 37. Rd1 b5 38. axb5 axb5 39. Rxb5 Ne4 40.
Rb8+ Kh7 41. d6 Nc3 42. d7 Bf6 43. Rf1 Ne2+ 44. Kf2 Rd3 45. Kxe2 1-0

[Event "Flint (MI Senior/2)"]
[Site "?"]
[Date "1992.??.??"]
[Round "?"]
[White "Foord, Allan"]
[Black "Serwatowski, Felix"]
[Result "1-0"]
[WhiteElo "1695"]
[BlackElo "1605"]
[PlyCount "75"]
[EventDate "1992.??.??"]

1. e4 b6 2. d4 Bb7 3. Bd3 e6 4. c4 Bb4+ 5. Bd2 Bxd2+ 6. Qxd2 Ne7 7. Nc3 Nbc6 8.
Nf3 d5 9. cxd5 exd5 10. exd5 Nxd5 11. O-O O-O 12. Rfe1 Nf6 13. Rac1 Nxd4 14.
Nxd4 Qd6 15. Ne4 Qxd4 16. Nxf6+ Qxf6 17. Rxc7 Rab8 18. Ree7 g6 19. Rxb7 Rxb7
20. Rxb7 Rd8 21. Qc2 Qe6 22. Qc7 Rf8 23. Bf1 Qxa2 24. Rxa7 Qxb2 25. Rb7 Qa1 26.
h3 b5 27. Rxb5 h5 28. g3 Qf6 29. Rb7 Re8 30. Bc4 Rf8 31. h4 Qf3 32. Qd7 Kg7 33.
Bd5 Qf6 34. Kg2 Kg8 35. Rc7 Kg7 36. Qe7 Qf5 37. Rd7 Kg8 38. Be4 1-0

[Event "Flint (MI Senior/1)"]
[Site "?"]
[Date "1992.??.??"]
[Round "?"]
[White "Foord, Allan"]
[Black "Rosebrook, G."]
[Result "0-1"]
[WhiteElo "1695"]
[BlackElo "1605"]
[PlyCount "92"]
[EventDate "1992.??.??"]

1. e4 c5 2. Nf3 e6 3. d4 Nf6 4. Nc3 cxd4 5. Nxd4 a6 6. Be2 Be7 7. Be3 Bb4 8.
Qd3 O-O 9. O-O d5 10. exd5 Bxc3 11. Qxc3 Nxd5 12. Qd2 Nd7 13. Bg5 N7f6 14. c4
Nc7 15. f4 Re8 16. Rad1 Qd6 17. Qc2 Qc5 18. Kh1 Ncd5 19. Qc1 Nb6 20. Nb3 Qc7
21. Bxf6 gxf6 22. Qc3 f5 23. Qd4 Nd7 24. Rf3 Nf8 25. Qf6 Ng6 26. Rfd3 Qe7 27.
Qxe7 Rxe7 28. Rd8+ Kg7 29. Bf3 Rb8 30. Na5 Nxf4 31. g3 Nh3 32. R1d4 e5 33. Rd3
Ng5 34. Bg2 f6 35. h4 Nf7 36. Bh3 Nxd8 37. Rxd8 Kg6 38. Rg8+ Rg7 39. Rd8 e4 40.
Re8 Kf7 41. Rd8 Ke7 42. Rd1 Rxg3 43. Kh2 f4 44. Bxc8 Rxc8 45. Nxb7 Rxc4 46. Rd2
Rd3 0-1

[Event "Flint (Class B/2)"]
[Site "?"]
[Date "1992.??.??"]
[Round "?"]
[White "Foord, Allan"]
[Black "Moceri, Paul"]
[Result "0-1"]
[WhiteElo "1745"]
[BlackElo "1690"]
[PlyCount "62"]
[EventDate "1992.??.??"]

1. e4 e5 2. Nf3 Nc6 3. Bb5 a6 4. Ba4 f5 5. Bxc6 dxc6 6. Nxe5 Qd4 7. Qh5+ g6 8.
Nxg6 Nf6 9. Qh4 hxg6 10. Qxh8 Qxe4+ 11. Kd1 Qe7 12. Re1 Be6 13. Qh4 O-O-O 14.
d3 Bg7 15. Bg5 Rh8 16. Qg3 Qf7 17. Nc3 Nh5 18. Qe3 Re8 19. Qa7 f4 20. Qa8+ Kd7
21. Qxb7 Bxc3 22. bxc3 Bg4+ 23. f3 Rxe1+ 24. Kxe1 Qe6+ 25. Kf1 Bxf3 26. gxf3
Qh3+ 27. Kg1 Qxf3 28. Bh6 Qg4+ 29. Kf2 Qh4+ 30. Kf3 Qh3+ 31. Ke4 Qe3# 0-1

[Event "Flint (Class B/5)"]
[Site "?"]
[Date "1992.??.??"]
[Round "?"]
[White "Foord, Allan"]
[Black "Calton, David A"]
[Result "1-0"]
[WhiteElo "1745"]
[BlackElo "1605"]
[PlyCount "88"]
[EventDate "1992.??.??"]

1. e4 c5 2. Nf3 Nc6 3. d4 cxd4 4. Nxd4 Nxd4 5. Qxd4 Qb6 6. Qxb6 axb6 7. Be3 e6
8. Bxb6 Nf6 9. Bd3 d5 10. e5 Nd7 11. Bd4 b6 12. Nc3 Bc5 13. Bxc5 bxc5 14. f4
Ba6 15. Nb5 Bxb5 16. Bxb5 Rb8 17. a4 Ke7 18. Bxd7 Kxd7 19. b3 Rhc8 20. Kd2 c4
21. Rhb1 c3+ 22. Kd3 Rb4 23. g3 d4 24. a5 Ra8 25. a6 Kc6 26. Ra5 Ra7 27. Rba1
f6 28. exf6 gxf6 29. R1a4 Rxa4 30. Rxa4 e5 31. fxe5 fxe5 32. Ke4 Kd6 33. b4 Kc6
34. Ra5 Kd6 35. b5 Kc5 36. Kxe5 Kb6 37. Ra3 Kxb5 38. Kxd4 Kb4 39. Ra1 h5 40.
Kd5 h4 41. g4 h3 42. Kc6 Ra8 43. a7 Kc4 44. Kb7 Rh8 1-0

[Event "Flint (Class B/4)"]
[Site "?"]
[Date "1992.??.??"]
[Round "?"]
[White "Foord, Allan"]
[Black "Asbury, Victor"]
[Result "1-0"]
[WhiteElo "1745"]
[BlackElo "1640"]
[PlyCount "43"]
[EventDate "1992.??.??"]

1. e4 c5 2. Nf3 Nc6 3. d4 cxd4 4. Nxd4 g6 5. Be3 Bg7 6. Qd2 Nf6 7. Nc3 O-O 8.
Bc4 a6 9. f3 Qc7 10. Bb3 b5 11. O-O-O Bb7 12. h4 Rac8 13. h5 Nxh5 14. Rxh5 gxh5
15. Nf5 Ne5 16. Nxg7 Kxg7 17. Bh6+ Kh8 18. Bxf8 Rxf8 19. Qh6 Ng6 20. Rh1 h4 21.
Rxh4 Nxh4 22. Qxf8# 1-0

[Event "Flint (Class C/1)"]
[Site "?"]
[Date "1992.??.??"]
[Round "?"]
[White "Fletcher, G."]
[Black "Waltz, Glenn"]
[Result "0-1"]
[WhiteElo "1605"]
[BlackElo "1605"]
[PlyCount "102"]
[EventDate "1992.??.??"]

1. e4 e5 2. Nf3 Nc6 3. Bc4 Nf6 4. Ng5 d5 5. exd5 Na5 6. Bb5+ c6 7. dxc6 bxc6 8.
Be2 Be7 9. d3 Nb7 10. Nc3 O-O 11. Be3 Be6 12. Qd2 Qd6 13. O-O-O Rad8 14. f4
exf4 15. Bxf4 Qb4 16. a3 Qa5 17. Nce4 Qxd2+ 18. Nxd2 Bf5 19. Rhf1 Bg6 20. h4
Bh5 21. Bxh5 Nxh5 22. Nde4 h6 23. Nh3 Nf6 24. Bxh6 Nxe4 25. Bxg7 Kxg7 26. dxe4
Nc5 27. Rxd8 Rxd8 28. b4 Ne6 29. h5 Bg5+ 30. Nxg5 Nxg5 31. e5 Re8 32. Rh1 Kh6
33. g4 Rxe5 34. Kd2 Re4 35. Kd3 Rxg4 36. c4 Rg3+ 37. Kd4 Rxa3 38. Kc5 Rc3 39.
Ra1 Ne6+ 40. Kxc6 Rxc4+ 41. Kb5 Rc7 42. Rh1 f5 43. Rd1 Kxh5 44. Rd6 Ng5 45. Ka6
Ne4 46. Rd5 Kg4 47. Rd8 f4 48. Rg8+ Kf3 49. Ra8 Ke3 50. Rxa7 Rxa7+ 51. Kxa7 Nc3
0-1

[Event "Flint (Class C/3)"]
[Site "?"]
[Date "1992.??.??"]
[Round "?"]
[White "Fletcher, G."]
[Black "Mannor, Eric"]
[Result "0-1"]
[WhiteElo "1605"]
[BlackElo "1605"]
[PlyCount "52"]
[EventDate "1992.??.??"]

1. e4 e5 2. Nf3 Nc6 3. Bc4 Bc5 4. Nc3 d6 5. d3 h6 6. O-O Bg4 7. Be3 Nd4 8. Bxd4
Bxd4 9. Rb1 Nf6 10. Nb5 Bb6 11. c3 a6 12. Na3 O-O 13. Nc2 Re8 14. d4 Nxe4 15.
dxe5 dxe5 16. Ne3 Bh5 17. Qxd8 Raxd8 18. Nh4 Nd2 19. g4 Nxb1 20. gxh5 Nd2 21.
Re1 Bxe3 22. Bxf7+ Kxf7 23. fxe3 e4 24. Re2 Nf3+ 25. Nxf3 exf3 26. Re1 Rd2 0-1

[Event "Detroit (MOR/2/112)"]
[Site "?"]
[Date "1992.??.??"]
[Round "?"]
[White "Fletcher, B."]
[Black "Piasecki, Vince"]
[Result "0-1"]
[WhiteElo "1605"]
[BlackElo "1605"]
[PlyCount "90"]
[EventDate "1992.??.??"]

{2/(112)} 1. Nf3 d5 2. d4 c5 3. c4 e6 4. Nc3 Nf6 5. Bg5 Be7 6. e3 O-O 7. Bd3
Nc6 8. a3 Nd7 9. Bf4 dxc4 10. Bxc4 a6 11. Qc2 b5 12. Bd3 f5 13. O-O c4 14. Be2
Nf6 15. Ne5 Nxe5 16. Bxe5 Bd6 17. Bxd6 Qxd6 18. Rad1 Bb7 19. Rfe1 Ng4 20. Bxg4
fxg4 21. e4 Rad8 22. Ne2 Rf7 23. Ng3 Rdf8 24. Re2 a5 25. a4 Ba6 26. axb5 Bxb5
27. e5 Qb4 28. Ne4 Ba4 29. Qd2 Bxd1 30. Qxd1 Rc7 31. Qc2 Qb3 32. Nc5 Qa2 33. g3
Rxc5 34. dxc5 Qb3 35. Qe4 Rd8 36. Qxg4 c3 37. bxc3 a4 38. c4 a3 39. Qxe6+ Kh8
40. c6 Qf3 41. Rd2 Rb8 42. Qd5 Rb1+ 43. Rd1 Rxd1+ 44. Qxd1 Qxd1+ 45. Kg2 Qd8
0-1

[Event "Detroit (MOR/6/88)"]
[Site "?"]
[Date "1992.??.??"]
[Round "?"]
[White "Fletcher, B."]
[Black "Evans, D."]
[Result "1-0"]
[WhiteElo "1605"]
[BlackElo "1605"]
[PlyCount "74"]
[EventDate "1992.??.??"]

{6/(88)} 1. Nf3 d5 2. d4 Nf6 3. c4 c5 4. Nc3 Nc6 5. Bf4 a6 6. e3 e6 7. Be2 Be7
8. h3 O-O 9. Ne5 dxc4 10. Nxc6 bxc6 11. dxc5 Bxc5 12. Qxd8 Rxd8 13. Bxc4 Bb7
14. O-O h6 15. Rad1 Rd7 16. Rxd7 Nxd7 17. Rd1 Nf6 18. Na4 Be7 19. Nb6 Rd8 20.
Rxd8+ Bxd8 21. Na4 Be7 22. Be5 Nd7 23. Bc3 Bd8 24. b4 Nb6 25. Nc5 Nxc4 26. Nxb7
Be7 27. Kf1 f5 28. Ke2 g6 29. Kd3 Nb6 30. Kd4 Kf7 31. Nc5 Bxc5+ 32. Kxc5 Na4+
33. Kc4 Nxc3 34. Kxc3 Ke7 35. Kd4 Kd6 36. f4 g5 37. g3 h5 1-0

[Event "Detroit (MOR/4/105)"]
[Site "?"]
[Date "1992.??.??"]
[Round "?"]
[White "Fletcher, B."]
[Black "Eggenberger, Jeffrey"]
[Result "1-0"]
[WhiteElo "1605"]
[BlackElo "1605"]
[PlyCount "61"]
[EventDate "1992.??.??"]

{4/(105)} 1. Nf3 d5 2. d4 Nf6 3. c4 e6 4. Nc3 Be7 5. e3 O-O 6. Bd3 h6 7. Qc2 b6
8. e4 Nbd7 9. e5 Ne8 10. cxd5 exd5 11. Nxd5 c5 12. Be4 Rb8 13. Bf4 g5 14. Bg3
Ba6 15. Bh7+ Kh8 16. e6 Bd6 17. Bxd6 Nxd6 18. exd7 Qxd7 19. dxc5 bxc5 20. Ne3
Qe8 21. Bd3 Bxd3 22. Qxd3 Ne4 23. O-O Rxb2 24. Rfe1 Nxf2 25. Qc3+ f6 26. Qxb2
Nd3 27. Qc3 Nxe1 28. Rxe1 Qc8 29. Nd5 h5 30. Nxf6 h4 31. Nh5+ 1-0

[Event "Detroit (MOR/4/54)"]
[Site "?"]
[Date "1992.??.??"]
[Round "?"]
[White "Fleming, William"]
[Black "Grzegorczyk, Ron"]
[Result "1-0"]
[WhiteElo "1705"]
[BlackElo "1630"]
[PlyCount "79"]
[EventDate "1992.??.??"]

{4/(54)} 1. e4 c5 2. Nf3 Nc6 3. d4 cxd4 4. Nxd4 a6 5. Nc3 e6 6. Be2 d6 7. O-O
Be7 8. Be3 Nf6 9. f4 O-O 10. Bf3 Rb8 11. Qd2 Qc7 12. Rae1 Bd7 13. Qf2 Nxd4 14.
Bxd4 Bc6 15. Kh1 Nd7 16. Qg3 f6 17. Qh3 e5 18. Nd5 Bxd5 19. exd5 Rf7 20. Bg4
Nf8 21. Bc3 g6 22. fxe5 dxe5 23. Be6 Nxe6 24. Qxe6 Qd6 25. Rxf6 Rbf8 26. Rxf7
Rxf7 27. Qxe5 Qxe5 28. Bxe5 Rf5 29. g3 Bc5 30. c4 Kf7 31. Bc3 h5 32. Ba5 g5 33.
Bc7 h4 34. d6 hxg3 35. hxg3 g4 36. d7 Bb4 37. Rd1 Rh5+ 38. Kg2 Rh8 39. d8=Q
Rxd8 40. Rxd8 1-0